000 00427 a2200109 4500
001 ART_23508
005 20260410161931.0
008 260409a
245 1 0 _aLimitaciones a la personalidad jurídica y la reforma del régimen de sociedades
100 1 _aHalperin, Isaac
773 0 _tRevista de la Facultad de Ciencias Económicas de la Universidad de Cuyo
_g- Año XIX, Nº 55/56 (ene./ago. 1967)
_wREV22981
999 _c28589
_d28589